Najlepšie základné školy na Slovensku sú v Košiciach

Bibliographic Details
Main Author: (mk) (Author)
Format: Article
Language:Slovak
PhysicalDescription:Fotografie
ISSN:2729-837X
Subjects:

MARC

LEADER 00000nab a2200000u 4500
001 vtls012282615
003 SK-MaSNL
005 20260304220007.0
008 250911|2022 xo ||||||| ||00 ||slo|
038 |a KEVKJB 
040 |a KEVKJB  |b slo  |e rda 
041 0 |a slo 
043 |a e-xo--- 
044 |a xo  |c SK 
072 7 |a 373.2/.3  |x Predškolská a primárna výchova a vzdelávanie  |2 konspekt 
080 |a 373.3  |2 2011 
100 1 |a (mk)  |4 aut  |9 809280 
245 1 0 |a Najlepšie základné školy na Slovensku sú v Košiciach  |c [autor] (MK) 
300 |b Fotografie 
336 |a text  |b txt  |2 rdacontent 
337 |a bez média  |b n  |2 rdamedia 
338 |a zväzok  |b nc  |2 rdacarrier 
610 2 7 |a INEKO (Bratislava, Slovensko)  |2 SNKKA  |9 35097 
610 2 7 |a Základná škola, Staničná ul. (Košice, Slovensko)  |2 kevkjb  |9 1084544 
610 2 7 |a Základná škola Park Angelinum (Košice, Slovensko)  |2 kevkjb  |9 1054018 
650 0 7 |a základné školy  |2 SNKPH  |9 1280 
651 7 |a Košice (Slovensko)  |2 SNKPHgeo  |9 18694 
773 0 |t Košice v skratke  |g Roč. 2, č. 2 (2022), s. 10  |x 2729-837X 
852 |a KEVKJB  |b KIS3GCP 
999 |c 3149331  |d 3151261